[Event "III Weekend Accademia"]
[Site "Roma ITA"]
[Date "1998.??.??"]
[Round "8"]
[White "Russi, Roberto"]
[Black "Vannelli, Vittorio"]
[Result "0-1"]
[WhiteElo "1780"]
[BlackElo "1735"]
[PlyCount "68"]
[EventDate "1998.??.??"]

1. c4 e5 2. Nc3 Nf6 3. Nf3 Nc6 4. e3 e4 5. Ng1 d6 6. d4 exd3 7. Bxd3 d5 8. cxd5
Nxd5 9. Bb5 Ndb4 10. Qxd8+ Kxd8 11. Kd2 Na5 12. Rb1 c6 13. Be2 Be6 14. a3 Na2
15. Ke1 Bxa3 16. Nxa2 Bxa2 17. Ra1 Bb4+ 18. Kf1 Bc4 19. Ra4 c5 20. Bxc4 Nxc4
21. b3 Na5 22. Ba3 Bxa3 23. Rxa3 Nc6 24. Nf3 Kc7 25. Ke2 Rad8 26. Ng5 Rd7 27.
Ne4 b6 28. Nc3 Rhd8 29. Raa1 Rd2+ 30. Kf3 R2d3 31. Nb5+ Kb7 32. Rhb1 a6 33. Na3
Nd4+ 34. Ke4 Nxb3 0-1

[Event "III Weekend Accademia"]
[Site "Roma ITA"]
[Date "1998.??.??"]
[Round "8"]
[White "Scacco, Mauro"]
[Black "Monteleone, Antonio"]
[Result "1/2-1/2"]
[WhiteElo "2050"]
[BlackElo "2165"]
[PlyCount "86"]
[EventDate "1998.??.??"]

1. e4 e6 2. d4 d5 3. Nc3 Nf6 4. Bg5 dxe4 5. Nxe4 Be7 6. Bxf6 gxf6 7. Nf3 b6 8.
Bb5+ c6 9. Bc4 Bb7 10. Qe2 Nd7 11. O-O-O Qc7 12. Rhe1 O-O-O 13. Kb1 Kb8 14. Ba6
Ba8 15. c4 Rhe8 16. Qc2 c5 17. d5 exd5 18. cxd5 Ne5 19. Nxe5 Qxe5 20. Nc3 Qc7
21. Qxh7 Bd6 22. Rxe8 Rxe8 23. Nb5 Qe7 24. Nxd6 Qxd6 25. Qxf7 Rd8 26. Bc4 b5
27. Bb3 c4 28. Bc2 Bxd5 29. Qh5 Qe6 30. Qh4 Re8 31. Qf4+ Kb7 32. f3 Bc6 33. a3
a5 34. Rd6 Qe1+ 35. Ka2 Qe2 36. Be4 Rxe4 37. fxe4 c3 38. Qc1 b4 39. Rxf6 Bxe4
40. Rf7+ Kb6 41. Qg1+ Kb5 42. Qf1 Bd5+ 43. Kb1 Be4+ 1/2-1/2

[Event "III Weekend Accademia"]
[Site "Roma ITA"]
[Date "1998.??.??"]
[Round "8"]
[White "Scagliarini, Bruno"]
[Black "Piacentini, Carlo"]
[Result "1/2-1/2"]
[WhiteElo "1758"]
[BlackElo "1650"]
[PlyCount "120"]
[EventDate "1998.??.??"]

1. c4 e5 2. g3 Nf6 3. Bg2 Bc5 4. e3 Nc6 5. Ne2 O-O 6. Nbc3 Re8 7. d3 d6 8. O-O
a6 9. a3 a5 10. b3 Ra6 11. Bb2 Bg4 12. h3 Bd7 13. d4 Ba7 14. d5 Ne7 15. b4 axb4
16. axb4 Rxa1 17. Qxa1 Bb8 18. Nc1 Qc8 19. Kh2 h6 20. Nd3 Bf5 21. e4 Bd7 22. c5
c6 23. Na4 Ng6 24. Nb6 Qd8 25. Qa8 Bc7 26. Qxb7 Bxb6 27. cxb6 cxd5 28. exd5 Bb5
29. Nxe5 Nxe5 30. Rc1 Qb8 31. Rc7 Qxb7 32. Rxb7 Ned7 33. Rc7 Rb8 34. b7 Kf8 35.
Bd4 Ne8 36. Rc8 Ke7 37. Rxb8 Nxb8 38. Ba7 Ba6 39. Bxb8 Bxb7 40. Ba7 Nc7 41. Bd4
f6 42. h4 Bxd5 43. Bxd5 Nxd5 44. b5 Kd7 45. Kh3 Nc7 46. b6 Nd5 47. Kg4 Ne7 48.
f4 Kc6 49. Kf3 Nc8 50. Ke4 Ne7 51. g4 d5+ 52. Kf3 Nc8 53. g5 hxg5 54. fxg5 fxg5
55. hxg5 g6 56. Kf4 Nxb6 57. Ke5 Nd7+ 58. Ke6 Nc5+ 59. Kf6 Ne4+ 60. Kxg6 Nxg5
1/2-1/2

[Event "III Weekend Accademia"]
[Site "Roma ITA"]
[Date "1998.??.??"]
[Round "8"]
[White "Spano' Cuomo, Gaetano"]
[Black "Turturici, Pellegrino"]
[Result "1-0"]
[WhiteElo "1866"]
[BlackElo "1743"]
[PlyCount "49"]
[EventDate "1998.??.??"]

1. d4 d5 2. Nf3 Nf6 3. e3 e6 4. c4 c5 5. dxc5 Bxc5 6. Nc3 O-O 7. cxd5 exd5 8.
Be2 Nc6 9. O-O h6 10. a3 a6 11. b4 Bd6 12. Bb2 Bg4 13. Nd4 Bxe2 14. Ncxe2 Ne5
15. Nf5 Bc7 16. a4 Re8 17. Rc1 Nfg4 18. Nf4 Nxh2 19. Kxh2 Nc4 20. Bxg7 Qg5 21.
Qxd5 Rad8 22. Nxh6+ Qxh6+ 23. Bxh6 Rxd5 24. Rxc4 Rc8 25. Rxc7 1-0

[Event "III Weekend Accademia"]
[Site "Roma ITA"]
[Date "1998.??.??"]
[Round "8"]
[White "Verrascina, Roberto"]
[Black "Marzano, Carlo"]
[Result "1/2-1/2"]
[WhiteElo "2225"]
[BlackElo "2185"]
[PlyCount "107"]
[EventDate "1998.??.??"]

1. Nf3 d5 2. g3 c6 3. Bg2 Bg4 4. c4 e6 5. Qb3 Qb6 6. d4 Nd7 7. Nc3 Ngf6 8. c5
Qxb3 9. axb3 Bxf3 10. Bxf3 e5 11. e3 a6 12. Be2 g6 13. f4 exd4 14. exd4 Bg7 15.
Be3 O-O 16. Kd2 Rfe8 17. g4 Ne4+ 18. Nxe4 Rxe4 19. Bf3 Re7 20. g5 Rae8 21. Rhe1
Nf8 22. Bg4 Ne6 23. Bxe6 Rxe6 24. Kd3 Re4 25. Bf2 f6 26. Rxe4 Rxe4 27. Be3 Kf7
28. Ra4 Re7 29. Ke2 Ke6 30. h4 Kf5 31. Kf3 Re4 32. Rb4 Re7 33. Ra4 Bf8 34. Bd2
Re8 35. Ba5 Re4 36. Bc7 Re1 37. gxf6 Kxf6 38. Be5+ Kf5 39. Rb4 Rh1 40. Rxb7
Rh3+ 41. Kg2 Kg4 42. Rb6 Be7 43. Rxc6 Bxh4 44. f5 gxf5 45. Rc7 Rxb3 46. Rg7+
Bg5 47. Kf2 Rxb2+ 48. Ke1 f4 49. c6 Rb1+ 50. Kf2 Rb2+ 51. Kf1 Rb1+ 52. Kf2 f3
53. c7 Rb2+ 54. Kf1 1/2-1/2

[Event "III Weekend Accademia"]
[Site "Roma ITA"]
[Date "1998.??.??"]
[Round "8"]
[White "Vigile, Matteo"]
[Black "Mogranzini, Roberto"]
[Result "1-0"]
[WhiteElo "1774"]
[BlackElo "1870"]
[PlyCount "93"]
[EventDate "1998.??.??"]

1. e4 c5 2. c3 d5 3. exd5 Qxd5 4. d4 Nc6 5. Nf3 Bg4 6. Be2 cxd4 7. cxd4 e6 8.
Nc3 Qa5 9. O-O Nf6 10. Bf4 a6 11. a3 Be7 12. h3 Bh5 13. Re1 O-O 14. g4 Bg6 15.
Ne5 Nxe5 16. dxe5 Rfd8 17. Qb3 Nd7 18. Qa2 Nxe5 19. b4 Qc7 20. Rac1 Nf3+ 21.
Bxf3 Qxf4 22. Bxb7 Ra7 23. Ne2 Qf6 24. Bg2 Rad7 25. Qb3 Rd2 26. Qe3 h6 27. Nf4
Bh7 28. Bf1 Kh8 29. Nh5 Qh4 30. Rc7 Bg6 31. Nf4 Bc2 32. Ng2 Qf6 33. Bxa6 Bd6
34. Rc8 Kh7 35. Rxc2 Rd4 36. Bf1 Bb8 37. Rec1 Qe7 38. Rc6 Rd2 39. b5 Qf6 40. b6
Be5 41. R6c4 Rb2 42. b7 g6 43. R1c2 Rb1 44. Re2 Bd4 45. Qf4 Qg7 46. Rc8 e5 47.
Qe4 1-0

[Event "C.to Regionale Umbria"]
[Site "ITA"]
[Date "1998.??.??"]
[Round "?"]
[White "Cardinali, Egidio"]
[Black "Scaletti, Luciano"]
[Result "1-0"]
[WhiteElo "1597"]
[BlackElo "1633"]
[PlyCount "65"]
[EventDate "1998.??.??"]

1. e4 e5 2. Nf3 Nc6 3. Bc4 Nf6 4. d3 Be7 5. O-O O-O 6. Re1 d6 7. h3 Na5 8. Nbd2
Nxc4 9. Nxc4 Be6 10. Ne3 g6 11. Nh2 c6 12. Neg4 Kh8 13. Bh6 Rg8 14. f4 Nh5 15.
fxe5 dxe5 16. Nf3 f6 17. Be3 Qd7 18. d4 Rad8 19. Qe2 Ng3 20. Qd3 Bxg4 21. hxg4
Qxg4 22. Nh2 Qxe4 23. Qxe4 Nxe4 24. dxe5 fxe5 25. Nf3 c5 26. Nxe5 Rd5 27. Bf4
Ng5 28. c4 Rd4 29. Bxg5 Bxg5 30. Nf7+ Kg7 31. Nxg5 Kf6 32. Nxh7+ Kf5 33. Rf1+
1-0

[Event "C.to Regionale Umbria"]
[Site "ITA"]
[Date "1998.??.??"]
[Round "?"]
[White "Cerasi, Umberto"]
[Black "Orlandella, Orlando"]
[Result "1/2-1/2"]
[WhiteElo "1920"]
[BlackElo "1927"]
[PlyCount "31"]
[EventDate "1998.??.??"]

1. e4 e5 2. Nf3 Nf6 3. Nxe5 d6 4. Nf3 Nxe4 5. Qe2 Qe7 6. d3 Nf6 7. Qxe7+ Bxe7
8. g3 Nc6 9. Bg2 Bd7 10. Bd2 h6 11. h3 O-O-O 12. Nc3 Rde8 13. O-O-O Bd8 14.
Rde1 Rxe1+ 15. Rxe1 Re8 16. Rxe8 1/2-1/2

[Event "C.to Regionale Umbria"]
[Site "ITA"]
[Date "1998.??.??"]
[Round "?"]
[White "Cerasi, Umberto"]
[Black "Scaletti, Luciano"]
[Result "1-0"]
[WhiteElo "1920"]
[BlackElo "1633"]
[PlyCount "67"]
[EventDate "1998.??.??"]

1. e4 e5 2. Nf3 Nc6 3. Bb5 a6 4. Ba4 Nf6 5. O-O Be7 6. Re1 b5 7. Bb3 d6 8. c3
O-O 9. h3 Na5 10. Bc2 c5 11. d4 cxd4 12. cxd4 Qc7 13. Nbd2 Bb7 14. d5 Rac8 15.
Bd3 Nd7 16. Nf1 Nc4 17. b3 Ncb6 18. Be3 Nf6 19. g4 Nbd7 20. Ng3 Nc5 21. Rc1 Qb8
22. Nf5 Bd8 23. Nxe5 Nxd3 24. Nxd3 Nxe4 25. Bf4 Bxd5 26. Rxc8 Qxc8 27. Nxd6 Qa8
28. Nb4 Ba5 29. Nxd5 Nxd6 30. b4 Nc4 31. bxa5 Rd8 32. Ne7+ Kh8 33. Qe2 Re8 34.
Ng6+ 1-0

[Event "C.to Regionale Umbria"]
[Site "ITA"]
[Date "1998.??.??"]
[Round "?"]
[White "Mogranzini, Roberto"]
[Black "Cardinali, Egidio"]
[Result "1-0"]
[WhiteElo "1870"]
[BlackElo "1597"]
[PlyCount "43"]
[EventDate "1998.??.??"]

1. e4 Nf6 2. e5 Nd5 3. c4 Nb6 4. d4 d6 5. f4 dxe5 6. fxe5 Bf5 7. Nc3 e6 8. Nf3
Nc6 9. Be3 Bb4 10. Be2 O-O 11. O-O h6 12. Qe1 Be7 13. a3 Bg4 14. Rd1 Bh4 15.
Qxh4 Qxh4 16. Nxh4 Bxe2 17. Nxe2 Nxc4 18. Bc1 Rad8 19. Nf3 N6a5 20. Rd3 Nb6 21.
Rfd1 Nd5 22. Nc3 1-0

[Event "C.to Regionale Umbria"]
[Site "ITA"]
[Date "1998.??.??"]
[Round "?"]
[White "Mogranzini, Roberto"]
[Black "Stornelli, Aldo"]
[Result "1-0"]
[WhiteElo "1870"]
[BlackElo "1740"]
[PlyCount "85"]
[EventDate "1998.??.??"]

1. Nf3 d5 2. g3 Nf6 3. Bg2 c6 4. O-O Bg4 5. d3 Nbd7 6. Nbd2 e5 7. Re1 Bd6 8. e4
O-O 9. Qe2 Qc7 10. Nf1 Rac8 11. Ne3 Bxf3 12. Qxf3 g6 13. Bh3 Rcd8 14. exd5 Qa5
15. Re2 cxd5 16. Bxd7 Nxd7 17. Nxd5 e4 18. dxe4 f5 19. Bd2 Qb5 20. a4 Qa6 21.
b4 Ne5 22. Qe3 Qc4 23. f4 Ng4 24. Qd3 Qxd3 25. cxd3 Bb8 26. Bc3 Rfe8 27. Kf1
Kf7 28. h3 Nh6 29. Rc1 Re6 30. Be1 Ng8 31. Rc4 Ne7 32. Nxe7 Rxe7 33. Rd2 a6 34.
e5 Ba7 35. Bf2 Bxf2 36. Kxf2 Red7 37. Ke3 Ke6 38. d4 Rg8 39. h4 h6 40. Rc5 Re8
41. a5 Rd5 42. Rxd5 Kxd5 43. Kd3 1-0

[Event "C.to Regionale Umbria"]
[Site "ITA"]
[Date "1998.??.??"]
[Round "?"]
[White "Orlandella, Orlando"]
[Black "Cardinali, Egidio"]
[Result "1-0"]
[WhiteElo "1927"]
[BlackElo "1597"]
[PlyCount "117"]
[EventDate "1998.??.??"]

1. c4 Nf6 2. Nc3 g6 3. g3 Bg7 4. Bg2 c5 5. Nf3 d6 6. O-O O-O 7. d4 cxd4 8. Nxd4
a6 9. b3 Qc7 10. Bb2 Nc6 11. Nd5 Nxd5 12. cxd5 Nxd4 13. Bxd4 Bd7 14. Bxg7 Kxg7
15. Qd4+ Kg8 16. Rfc1 Qa5 17. b4 Qa4 18. h4 Rfc8 19. h5 Qa3 20. Qd2 a5 21. bxa5
Rxa5 22. Rxc8+ Bxc8 23. h6 Rc5 24. Rb1 Qc3 25. Qxc3 Rxc3 26. Kf1 b5 27. Ke1 Bd7
28. Kd2 Ra3 29. Rb2 Kf8 30. Be4 Ke8 31. Bb1 Kd8 32. Rb4 Be8 33. Kc2 e5 34. dxe6
fxe6 35. Kb2 Ra5 36. Bc2 d5 37. f4 Ke7 38. g4 Kf6 39. g5+ Ke7 40. Bb1 Kd6 41.
Kc3 Kc5 42. e3 Ra3+ 43. Rb3 b4+ 44. Kb2 Ra7 45. Kc1 Rc7 46. Kd2 Ra7 47. Rb2 Ra3
48. Rc2+ Kd6 49. Rc8 Kd7 50. Rb8 d4 51. exd4 Rf3 52. Rxb4 Kc7 53. Rc4+ Kd6 54.
Rc8 Kd7 55. Ra8 Ke7 56. Ra7+ Bd7 57. Be4 Rxf4 58. Ke3 Rg4 59. Bc6 1-0

[Event "C.to Regionale Umbria"]
[Site "ITA"]
[Date "1998.??.??"]
[Round "?"]
[White "Orlandella, Orlando"]
[Black "Mogranzini, Roberto"]
[Result "1/2-1/2"]
[WhiteElo "1927"]
[BlackElo "1870"]
[PlyCount "118"]
[EventDate "1998.??.??"]

1. e4 c5 2. Nf3 d6 3. d4 cxd4 4. Nxd4 Nf6 5. Nc3 a6 6. Bc4 e6 7. Bb3 b5 8. O-O
Be7 9. Kh1 O-O 10. a3 Bb7 11. f4 Nbd7 12. f5 e5 13. Nde2 Nc5 14. Ng3 Nxb3 15.
cxb3 Rc8 16. Bg5 Rc5 17. b4 Rc4 18. Bxf6 Bxf6 19. Qe2 Bh4 20. f6 g6 21. Qf3
Bxg3 22. Qxg3 Re8 23. Rad1 Re6 24. Qf3 Rd4 25. Rc1 h6 26. Nd5 Bxd5 27. exd5 Re8
28. Qe3 Kh7 29. Rf3 Qd7 30. Rh3 Rf4 31. Rf3 Rxf3 32. gxf3 Rc8 33. Rxc8 Qxc8 34.
Qa7 Qc1+ 35. Kg2 Qg5+ 36. Kf2 Qxf6 37. Ke2 Qf4 38. Qxa6 Qc4+ 39. Kf2 Qxd5 40.
a4 Qd4+ 41. Kg2 Qd2+ 42. Kg3 Qe1+ 43. Kg2 Qe2+ 44. Kg3 h5 45. h4 Qe1+ 46. Kg2
Qe2+ 47. Kg3 Qe1+ 48. Kh3 Qh1+ 49. Kg3 Qe1+ 50. Kh3 g5 51. hxg5 Qh1+ 52. Kg3
Qg1+ 53. Kh3 Qh1+ 54. Kg3 Qe1+ 55. Kg2 Qe2+ 56. Kg3 Qe3 57. Qxb5 Qg1+ 58. Kh3
Qh1+ 59. Kg3 Qg1+ 1/2-1/2

[Event "C.to Regionale Umbria"]
[Site "ITA"]
[Date "1998.??.??"]
[Round "?"]
[White "Scaletti, Luciano"]
[Black "Mogranzini, Roberto"]
[Result "1-0"]
[WhiteElo "1633"]
[BlackElo "1870"]
[PlyCount "65"]
[EventDate "1998.??.??"]

1. e4 c5 2. Nf3 d6 3. d4 cxd4 4. Nxd4 Nf6 5. Nc3 a6 6. Bg5 e6 7. f4 Be7 8. Qf3
Qc7 9. O-O-O Nbd7 10. g4 h6 11. Bh4 g5 12. Bg3 gxf4 13. Bxf4 e5 14. Nf5 exf4
15. Ng7+ Kf8 16. Nf5 Ne5 17. Qxf4 Bxf5 18. exf5 b5 19. Rg1 b4 20. Ne2 Qc4 21.
Kb1 Qc5 22. Nd4 Nh5 23. Qd2 Bg5 24. Qe1 Nc6 25. Nf3 Qe3 26. Nxg5 Qxg1 27. Nf3
Qxg4 28. Rxd6 Qxf3 29. Rxc6 Rd8 30. Bd3 Kg7 31. Qg1+ Kh7 32. Rc7 Rdf8 33. Qg6#
1-0

[Event "C.to Regionale Umbria"]
[Site "ITA"]
[Date "1998.??.??"]
[Round "?"]
[White "Scaletti, Luciano"]
[Black "Stornelli, Aldo"]
[Result "1-0"]
[WhiteElo "1633"]
[BlackElo "1740"]
[PlyCount "63"]
[EventDate "1998.??.??"]

1. e4 e6 2. d4 d5 3. Nc3 Bb4 4. e5 c5 5. a3 Bxc3+ 6. bxc3 Ne7 7. Nf3 Nbc6 8. a4
Qa5 9. Qd2 b6 10. Be2 Ba6 11. Bxa6 Qxa6 12. Ba3 Qc4 13. Qd3 Na5 14. O-O Qxd3
15. cxd3 c4 16. Rfd1 cxd3 17. Rxd3 Nc4 18. Bc1 Nc6 19. Nd2 N6a5 20. Nxc4 Nxc4
21. Rg3 g6 22. Bh6 Rc8 23. h4 Rc7 24. Rf3 Kd8 25. Kh2 Kc8 26. g4 Rd8 27. Bg5
Rdd7 28. Kg2 Na5 29. h5 Rc4 30. hxg6 hxg6 31. Ra3 Rdc7 32. Bd2 1-0

[Event "C.to Regionale Umbria"]
[Site "ITA"]
[Date "1998.??.??"]
[Round "?"]
[White "Stornelli, Aldo"]
[Black "Cerasi, Umberto"]
[Result "1/2-1/2"]
[WhiteElo "1740"]
[BlackElo "1920"]
[PlyCount "77"]
[EventDate "1998.??.??"]

1. d4 d5 2. Nf3 Nf6 3. Bf4 e6 4. e3 c5 5. c3 Nc6 6. Be2 Be7 7. h3 O-O 8. O-O
Nd7 9. Nbd2 f5 10. Re1 Kh8 11. Nf1 g5 12. Be5+ Kg8 13. g4 fxg4 14. hxg4 Ncxe5
15. dxe5 Qc7 16. Ng3 Nxe5 17. Nxe5 Qxe5 18. Kg2 Bd7 19. Rh1 Bd6 20. Rh3 Bc6 21.
Qd3 Rf7 22. f3 Rd8 23. Rah1 Rdd7 24. Nh5 c4 25. Qc2 Bc5 26. f4 gxf4 27. exf4
d4+ 28. Bf3 Bxf3+ 29. Rxf3 d3 30. Qd2 Qe2+ 31. Qxe2 dxe2 32. Re1 Rd2 33. b4
cxb3 34. axb3 Bd6 35. Kf2 Bc5+ 36. Kg2 Be7 37. Ng3 Bh4 38. Rxe2 Rxe2+ 39. Nxe2
1/2-1/2

[Event "C.to Provinciale BR 1999"]
[Site "Brindisi ITA"]
[Date "1998.11.??"]
[Round "1"]
[White "Cesi, Fabio"]
[Black "Caliolo, Angelo"]
[Result "1-0"]
[WhiteElo "1678"]
[BlackElo "1573"]
[PlyCount "173"]
[EventDate "1998.11.28"]

1. Nf3 d5 2. c4 d4 3. g3 Bg4 4. Bg2 Nf6 5. Nxd4 c6 6. Nc2 Qd7 7. Nc3 g6 8. d3
Bg7 9. h3 Bf5 10. Be3 e5 11. Qd2 h6 12. b4 Na6 13. Rb1 Qe7 14. b5 cxb5 15. Nxb5
Nc5 16. Bxc5 Qxc5 17. Qb4 Nd7 18. Qxc5 Nxc5 19. Nc7+ Ke7 20. Nxa8 Rxa8 21. Rb5
Kd6 22. O-O Rb8 23. Rfb1 b6 24. R5b4 Bd7 25. Ne3 Na4 26. Nd5 Bc6 27. Rc1 Re8
28. Nc3 Nxc3 29. Rxc3 e4 30. Rc1 Kc5 31. Rbb1 f5 32. dxe4 Bxe4 33. Bxe4 Rxe4
34. Rb5+ Kc6 35. e3 a6 36. Rb3 Kc5 37. f3 Re5 38. Kf2 h5 39. Rd3 Re6 40. Rd5+
Kb4 41. c5 Bf8 42. c6 Bc5 43. Rd4+ Kb5 44. Rd3 Kxc6 45. Re1 g5 46. Kg2 b5 47.
g4 hxg4 48. hxg4 fxg4 49. fxg4 b4 50. e4 Bd6 51. Rd5 Be5 52. Rc1+ Kb6 53. Rcc5
Bd6 54. Rxd6+ Rxd6 55. Rxg5 Kc7 56. Kf3 Rd3+ 57. Kf4 b3 58. axb3 Rxb3 59. Rd5
Rb8 60. g5 Rf8+ 61. Rf5 Rg8 62. Rf7+ Kb6 63. Kf5 a5 64. g6 a4 65. g7 a3 66. Kg6
a2 67. Rf1 Ra8 68. Ra1 Ra3 69. Kh7 Rh3+ 70. Kg8 Rh2 71. Kf8 Rf2+ 72. Ke7 Rg2
73. Rxa2 Rxg7+ 74. Kf6 Rg4 75. e5 Rf4+ 76. Ke7 Re4 77. e6 Kc5 78. Rd2 Kc6 79.
Rd6+ Kc5 80. Rd1 Kc6 81. Rb1 Kd5 82. Rd1+ Ke5 83. Kd7 Kf6 84. Rf1+ Ke5 85. e7
Rd4+ 86. Ke8 Ke6 87. Kf8 1-0

[Event "C.to Provinciale BR 1999"]
[Site "Brindisi ITA"]
[Date "1998.11.??"]
[Round "1"]
[White "Licciulli, Fabio"]
[Black "Carito, Riccardo"]
[Result "1-0"]
[WhiteElo "1597"]
[BlackElo "1576"]
[PlyCount "39"]
[EventDate "1998.11.28"]

1. d4 Nf6 2. c4 e6 3. Nf3 Be7 4. Nc3 d5 5. Bg5 Nbd7 6. e3 O-O 7. Bd3 b6 8. cxd5
exd5 9. Qb3 Bb7 10. O-O Rc8 11. Bxf6 Nxf6 12. Bf5 Rb8 13. Ne5 Bc8 14. Nc6 Qd6
15. Nxb8 Bxf5 16. Nb5 Qe6 17. Nxc7 Qd6 18. Nba6 Bc8 19. Rac1 Ne8 20. Qxd5 1-0

[Event "C.to Provinciale BR 1999"]
[Site "Brindisi ITA"]
[Date "1998.11.??"]
[Round "2"]
[White "Simone, Leo"]
[Black "Licciulli, Fabio"]
[Result "0-1"]
[WhiteElo "1648"]
[BlackElo "1597"]
[PlyCount "136"]
[EventDate "1998.11.28"]

1. Nf3 Nf6 2. d4 g6 3. Nc3 d5 4. Bf4 Bg7 5. Qd2 O-O 6. Bh6 Nbd7 7. Bxg7 Kxg7 8.
e3 c5 9. Bd3 a6 10. h4 c4 11. Be2 h5 12. Ng5 b5 13. e4 dxe4 14. Ncxe4 Bb7 15.
f3 Qc7 16. O-O-O a5 17. Nxf6 Nxf6 18. c3 Rfc8 19. a3 Rcb8 20. Rde1 Bd5 21. Bd1
b4 22. a4 Qd7 23. Bc2 Rb7 24. Ne4 Bxe4 25. Rxe4 Nxe4 26. Bxe4 Qxa4 27. Qc2 b3
28. Qb1 Qd7 29. Qa1 Rba7 30. Bxa8 Rxa8 31. Re1 Ra6 32. Re5 a4 33. Qa3 Re6 34.
Qc5 Rxe5 35. Qxe5+ f6 36. Qe2 Qc7 37. Qe4 Qd6 38. Kb1 a3 39. Qe2 a2+ 40. Ka1
Qc7 41. Qe6 Kf8 42. Qe3 Kf7 43. f4 Qd7 44. g3 Qf5 45. Qe1 Qb1+ 46. Qxb1 axb1=Q+
47. Kxb1 Ke6 48. Kc1 Kf5 49. Kd2 Ke4 50. d5 Kxd5 51. Ke3 e5 52. fxe5 Kxe5 53.
Kf3 g5 54. Ke3 gxh4 55. gxh4 f5 56. Kf3 f4 57. Kf2 Ke4 58. Ke2 f3+ 59. Kf2 Kf4
60. Kf1 Kg3 61. Kg1 Kxh4 62. Kf2 Kg4 63. Kf1 Kg3 64. Kg1 h4 65. Kh1 h3 66. Kg1
h2+ 67. Kh1 Kf2 68. Kxh2 Ke2 0-1

[Event "C.to Provinciale BR 1999"]
[Site "Brindisi ITA"]
[Date "1998.11.??"]
[Round "3"]
[White "Carito, Riccardo"]
[Black "Simone, Leo"]
[Result "0-1"]
[WhiteElo "1576"]
[BlackElo "1648"]
[PlyCount "80"]
[EventDate "1998.11.28"]

1. e4 d5 2. exd5 Qxd5 3. Nc3 Qa5 4. Nf3 Nf6 5. d4 c6 6. Bd2 Qc7 7. Bc4 Bf5 8.
O-O e6 9. Re1 Be7 10. h3 Nbd7 11. Qc1 O-O-O 12. Bf4 Bd6 13. Bxd6 Qxd6 14. Ne2
Nd5 15. Bxd5 exd5 16. Qf4 Qxf4 17. Nxf4 Rde8 18. c3 h6 19. Rad1 g5 20. Nd3 f6
21. Nc1 Be4 22. Re3 Nb6 23. Rde1 Nc4 24. R3e2 Kd7 25. Nh2 h5 26. f3 Bg6 27.
Rxe8 Rxe8 28. Rxe8 Kxe8 29. b4 Na3 30. Kf2 Nb5 31. Ne2 Bd3 32. a4 Bxe2 33. axb5
Bxb5 34. Ke3 b6 35. g4 h4 36. f4 gxf4+ 37. Kxf4 Be2 38. g5 Kf7 39. Kf5 fxg5 40.
Kxg5 a5 0-1

[Event "C.to Provinciale BR 1999"]
[Site "Brindisi ITA"]
[Date "1998.11.??"]
[Round "3"]
[White "Cesi, Fabio"]
[Black "Perrone, Giorgio"]
[Result "0-1"]
[WhiteElo "1678"]
[BlackElo "1696"]
[PlyCount "100"]
[EventDate "1998.11.28"]

1. d4 Nf6 2. c4 g6 3. Nc3 Bg7 4. e4 d6 5. Nf3 O-O 6. Be2 e5 7. dxe5 dxe5 8.
Qxd8 Rxd8 9. Bg5 Re8 10. Nd5 Nxd5 11. cxd5 f6 12. Be3 c6 13. Bc4 Kh8 14. O-O-O
Bd7 15. Kb1 f5 16. Ng5 Bf8 17. dxc6 Bxc6 18. exf5 gxf5 19. Bf7 Re7 20. Rd8 Kg7
21. Bb3 Bd7 22. Nxh7 Re8 23. Rxe8 Bxe8 24. Nxf8 Kxf8 25. Rd1 Nc6 26. Bh6+ Ke7
27. Bg5+ Kf8 28. Bh6+ Ke7 29. Rd3 f4 30. Bg5+ Kf8 31. Bf6 Bg6 32. Bc2 Bxd3 33.
Bxd3 Kf7 34. Bh4 Ke6 35. Be4 Rc8 36. f3 b6 37. g4 Nd4 38. Bf2 Rd8 39. h4 Ne2
40. Kc2 Rd6 41. h5 Ng3 42. h6 Nxe4 43. fxe4 Kf7 44. g5 Kg6 45. Be1 Rd4 46. Bc3
Rxe4 47. Kd3 Re3+ 48. Kc4 Kxg5 49. h7 Rh3 50. Bxe5 Rxh7 0-1

[Event "C.to Provinciale BR 1999"]
[Site "Brindisi ITA"]
[Date "1998.11.??"]
[Round "4"]
[White "Licciulli, Fabio"]
[Black "Cesi, Fabio"]
[Result "1-0"]
[WhiteElo "1597"]
[BlackElo "1678"]
[PlyCount "59"]
[EventDate "1998.11.28"]

1. d4 d5 2. c4 dxc4 3. Nf3 Nf6 4. e3 e6 5. Bxc4 c5 6. O-O a6 7. a4 Nc6 8. Nc3
cxd4 9. exd4 Be7 10. Re1 O-O 11. Bf4 Qa5 12. Qe2 Rd8 13. Be5 Nb4 14. Ne4 Nxe4
15. Qxe4 Bd7 16. Qxb7 Rac8 17. Rec1 Bf8 18. Qe4 Bc6 19. Qg4 Bd5 20. b3 Bxc4 21.
bxc4 Nd3 22. Rd1 Nxe5 23. Nxe5 Bb4 24. Qf3 Qc7 25. Rab1 a5 26. Rbc1 f6 27. Ng4
Qd7 28. Qb3 e5 29. Qg3 exd4 30. Nxf6+ 1-0

[Event "C.to Provinciale BR 1999"]
[Site "Brindisi ITA"]
[Date "1998.11.??"]
[Round "4"]
[White "Simone, Leo"]
[Black "Perrone, Giorgio"]
[Result "0-1"]
[WhiteElo "1648"]
[BlackElo "1696"]
[PlyCount "124"]
[EventDate "1998.11.28"]

1. Nf3 Nf6 2. d4 g6 3. Bf4 Bg7 4. e3 d6 5. Bd3 O-O 6. h3 Nbd7 7. O-O b6 8. Qe2
Bb7 9. Ba6 Bxa6 10. Qxa6 Nd5 11. Bg3 c5 12. Qc4 Nc7 13. c3 Rc8 14. Qe2 b5 15.
Nbd2 a6 16. Rac1 c4 17. e4 e5 18. dxe5 dxe5 19. Rcd1 Qe7 20. Nh2 Rfd8 21. Ndf3
Nc5 22. Rxd8+ Rxd8 23. Ng4 f6 24. Qc2 Qd7 25. Ne3 Qc6 26. Nd2 Bh6 27. Re1 Qd6
28. Nf3 Bxe3 29. Rxe3 Qd1+ 30. Qxd1 Rxd1+ 31. Re1 Rxe1+ 32. Nxe1 Nxe4 33. Bh2
Ne6 34. Nc2 N4c5 35. Ne3 Na4 36. Nd1 Nec5 37. Kf1 a5 38. Ke2 Nd3 39. Kd2 Ndxb2
40. Nxb2 Nxb2 41. a3 Nd3 42. Ke2 Kf7 43. f3 Ke6 44. g3 Kd5 45. Bg1 b4 46. cxb4
axb4 47. axb4 Nxb4 48. Be3 Nc2 49. Bb6 Nd4+ 50. Ke3 Nf5+ 51. Kf2 c3 52. Ba5 Kc4
53. g4 Nd4 54. Ke3 Nb3 55. Bxc3 Kxc3 56. f4 exf4+ 57. Kxf4 Kd4 58. h4 Nc5 59.
g5 Ne6+ 60. Kg4 f5+ 61. Kf3 Kd3 62. Kg3 Ke2 0-1

[Event "C.to Provinciale BR 1999"]
[Site "Brindisi ITA"]
[Date "1998.11.??"]
[Round "5"]
[White "Cesi, Fabio"]
[Black "Simone, Leo"]
[Result "1-0"]
[WhiteElo "1678"]
[BlackElo "1648"]
[PlyCount "49"]
[EventDate "1998.11.28"]

1. c4 Nf6 2. d4 e6 3. g3 c6 4. Nf3 d5 5. Bg2 Bd6 6. O-O Nbd7 7. b3 Ne4 8. Bb2
Qc7 9. Nc3 Ndf6 10. Rc1 a6 11. c5 Be7 12. Na4 Nd7 13. Ne5 h5 14. h4 g5 15. Nxd7
Bxd7 16. Bxe4 dxe4 17. d5 exd5 18. Bxh8 Bh3 19. Nb6 Rd8 20. Qd4 f6 21. hxg5 h4
22. Bxf6 hxg3 23. Be5 gxf2+ 24. Rxf2 Bxc5 25. Qxc5 1-0

[Event "C.to Provinciale BR 1999"]
[Site "Brindisi ITA"]
[Date "1998.11.??"]
[Round "5"]
[White "Licciulli, Fabio"]
[Black "Caliolo, Angelo"]
[Result "1-0"]
[WhiteElo "1597"]
[BlackElo "1573"]
[PlyCount "123"]
[EventDate "1998.11.28"]

1. d4 Nf6 2. c4 e6 3. Nf3 Bb4+ 4. Bd2 c5 5. Bxb4 cxb4 6. e3 a5 7. a3 bxa3 8.
Rxa3 O-O 9. Bd3 Nc6 10. Nc3 Nb4 11. Be2 d5 12. c5 b6 13. cxb6 Qxb6 14. O-O Ba6
15. Qd2 Bxe2 16. Qxe2 Rfc8 17. Na4 Qd6 18. Nc5 Ne4 19. Nxe4 dxe4 20. Ng5 f5 21.
Qh5 h6 22. Qf7+ Kh8 23. Nxe6 Rg8 24. Qxf5 Nd3 25. Rb3 Ra7 26. Qxe4 Re8 27. Qxd3
Rxe6 28. Rc1 Ra8 29. Rbc3 Qa6 30. Qxa6 Raxa6 31. h3 a4 32. Ra3 Rab6 33. Rca1
Rxb2 34. Rxa4 Rg6 35. R4a2 Rb4 36. Rd2 Rd6 37. Rc2 Kh7 38. Rc7 Kg6 39. Raa7 Kf5
40. Rxg7 Ke4 41. Ra3 Rf6 42. f3+ Kd5 43. Rd7+ Kc6 44. Ra6+ Rb6 45. Rxb6+ Kxb6
46. e4 Kc6 47. e5 Rf8 48. Rd6+ Kc7 49. Rxh6 Rd8 50. Rh4 Kc6 51. Kf2 Kd5 52. g4
Kxd4 53. f4 Rf8 54. g5 Ke4 55. Kg3 Kf5 56. Rh6 Ke4 57. Rf6 Rh8 58. g6 Rg8 59.
h4 Rd8 60. h5 Rd2 61. Kg4 Rg2+ 62. Kh3 1-0

[Event "C.to Provinciale BR 1999"]
[Site "Brindisi ITA"]
[Date "1998.11.??"]
[Round "6"]
[White "Caliolo, Angelo"]
[Black "Carito, Riccardo"]
[Result "0-1"]
[WhiteElo "1573"]
[BlackElo "1576"]
[PlyCount "58"]
[EventDate "1998.11.28"]

1. e4 e5 2. Nf3 Nc6 3. Bb5 a6 4. Ba4 Nf6 5. O-O b5 6. Bb3 Be7 7. Re1 O-O 8. d3
d6 9. Bg5 Na5 10. Bxf6 Nxb3 11. Bxg7 Nxa1 12. Bxf8 Qxf8 13. Nbd2 Nxc2 14. Qxc2
c5 15. Nb3 Be6 16. Nc1 Qg7 17. Ne2 Kh8 18. Ng3 Rg8 19. b3 h5 20. h4 Qg4 21. Qd2
Kh7 22. Kf1 Bxh4 23. Nxh4 Qxh4 24. Qa5 Qh2 25. Ke2 Bg4+ 26. Kf1 h4 27. f3 Bxf3
28. gxf3 hxg3 29. Qc7 Qf2# 0-1